000 00549nam a2200217Ia 4500
003 OSt
005 20220924132805.0
006 a|||||r|||| 00| 0
007 ta
008 220923b |||||||| |||| 00| 0 tam d
024 _a250703
037 _cTextual
040 _aARTS
_cARTS
_btam
041 _2tam
_atam
082 _aY:1.2110c791, 31L6
100 _aManoharan
_9205037
245 0 _aThennamericaviri chozharkal
260 _c1976
942 _hY:1.2110c791, 31L6
_cTEXL
_2CC
999 _c431597
_d431597